00491 2200193 4500001002100000005001500021035002000036007000300056008004100059020001800100082001000118084001600128100002800144245003600172260002800208300002500236650001300261990002300274INLIS00000000000031420220513082905 a0010-0522000014ta220513 0 ind  a9786026328724 a155.8 a155.8 TED n0 aTeddi Prasetya Yuliawan1 aNasihat diri untuk pembelajaran aSolo :bMetagraf,c2018 a245 :bilus ;c20 cm 4amotivasi a4950/SMPN 7 SBY/19